000 00179nam a2200097Ia 4500
100 _a#N/A
942 _cBK
245 _aMISSION 10 X :PHOTO CD
260 _b#N/A
546 _aENGLISH
999 _c33360
_d33360